Probability theory

Tallennettuna:
Bibliografiset tiedot
Päätekijä: Renyi, A (Tekijä)
Aineistotyyppi: Kirja
Kieli:englanti
Julkaistu: Budapest Akademiai Kiado 1970
Aiheet:
Tagit: Lisää tagi
Ei tageja, Lisää ensimmäinen tagi!

MARC

LEADER 00000cam a2200000 a 4500
001 UCF4719
003 CL-VaPUC
008 121220e19700000HU |||||||||||||||||eng|d
082 0 4 |a 519.2  |b REN  |2 21 
100 0 |a Renyi, A  |e author  |9 566263 
245 1 0 |a Probability theory 
300 |a 666 p 
942 |c BK 
945 |d 20121220 00:00:00  |a dcastane 
260 |a Budapest  |b Akademiai Kiado  |c 1970 
650 0 |a Teoría de probabilidades   |9 336944 
650 0 |a Variables aleatorias   |9 270745 
650 7 |a TEOREMA DE LIMITES  |2 CL-VaPUC  |9 424833 
583 |a last modification  |c 20121220 10:25:00  |k Rodrigo Vera 
999 |c 350424  |d 350422 
952 |0 0  |1 0  |4 0  |6 519_200000000000000_REN_1970  |7 0  |8 A  |9 453741  |a BIBGIM  |b BIBGIM  |d 2019-11-22  |i 4918517  |o 519.2 REN 1970  |p 4918517  |r 2025-01-15  |w 2019-11-22  |y BK  |k EST